000 00643nam a2200229Ia 4500
003 OSt
005 20220923230611.0
006 a|||||r|||| 00| 0
007 ta
008 Pun
024 _a283,622
037 _cTextual
040 _aARTS
_cARTS
_bPun
041 _2Pun
_aPun
082 _aO153,3N291x, M5
100 _aਕੰਵਲ, ਜਸਵੰਤ ਸਿੰਘ
_9156315
245 0 _aਮਰਨ ਮਿੰਤਰਾਂ ਦੇ ਅੱਗੇ
260 _c1985
650 _aਪੰਜਾਬੀ ਸਾਹਿਤ
942 _hO153,3N291x, M5
_cTEXL
_2CC
999 _c385961
_d385961